=LDR 00000nam 2200000 4500 =001 INLIS000000000052004 =005 20200211051309 =035 ##$$a 0010-0118000192 =007 ta =008 200211################g##########0#ind## =020 ##$$a 978-979-769-847-8 =082 ##$$a 160 =084 ##$$a 160 ZAI l =100 #$$a Zainul Maarif =245 1#$$a Logika komunikasi /$c Zainul Maarif =260 ##$$a Jakarta :$b Rajagrafiondo Persada,$c 2016 =300 ##$$a xiv, 229 hlm. : $b Ilus ; $c 21 x 14 cm =650 #4$$a Logika =504 ##$$a Logika =990 ##$$a 21705465 =990 ##$$a 21705464 =990 ##$$a 21705463 =990 ##$$a 21705462 =990 ##$$a 21705461